MDQL
is popping MORE tags! Check the
thread
!
Quizzes
Events
Quiz Creation
Community
Videos
Private Events
Remove Ads
Sign In
Join for FREE
Feedback
Dark Mode
Quiz Categories
Sports
Geography
Music
Movies
Television
Just For Fun
Miscellaneous
History
Literature
Language
Science
Gaming
Entertainment
Religion
Holiday
For Kids
Quiz Lab
Recent
Popular Today
Quiz Kudos Today
Editor Picks
Curator Picks
Quizzes by...
Day
Popularity
Type
Ratings
Length
Year
Community
Subscriptions
Recent Discussions
Orange Saloon
Badges
Playlists
Quests
Create
Leaderboards
Showdown
Live 5
Trivia Bingo
Activity
Puzzle Library
Sporcle Events
Private Events
Virtual Trivia
Globe League
Become a Host
Pub Owners
SporcleCon
Opinionation
Our Games
Videos
Blog
Mobile Apps
Partnerships
Remove Ads and Go Orange
Feedback
Movies
Disney
Marvel Cinematic Universe
Movie Resume
Movie Titles
Oscar
Actor
Actress
Director
Pixar
Role
Movie Quotes
Movie Characters
Box Office
Nominee
Best Picture
Star Wars
James Bond
Horror Movies
Movies
Disney
Marvel Cinematic Universe
Movie Resume
Movie Titles
Oscar
Actor
Actress
Director
Pixar
Role
Movie Quotes
Movie Characters
Box Office
Nominee
Best Picture
Star Wars
James Bond
Horror Movies
Random Quiz
Search Sporcle
×
Quiz Lab
Quiz Lab
Movies
Character
Type in answers that appear in a list
Type in answers that appear in a list
Classic
Best Score? Go Orange.
Lion king 2 characters Stats
Can you name the lion king 2 characters?
By
wickedme6
10m
29 Questions
1,006 Plays
1,006 Plays
1,006 Plays
Comments
Comments
Give Quiz Kudos
Give Quiz Kudos
-
- Ratings
hide this ad
Replay
Link that replays current quiz
Next Quiz
Link to next quiz in quiz playlist
You Got
0%
They Got
Avg Score
64%
Avg Friend Score
Upgrade to see
Score Distribution
Jump to the score distribution portion of the page
Score
0/29
Timer
10:00
0
Plays Today
no hints!
% Correct
main character/
king
simba
93.1%
main character's best friend
nala
91.3%
young lion
kovu
89.8%
fat one's best friend
timon
87.6%
young lion
kiara
87.1%
evil mother
zira
85.1%
baboon
rafiki
84.6%
king's messenger
zazu
84.3%
fat one
pumbaa
83.5%
hienna
ed
80.5%
brother of young lion
nuka
80%
evil lion
scar
79.5%
sister of young lion
vitani
76.9%
hienna
shenzi
75.2%
hienna
banzai
67.7%
no hints!
% Correct
mother
sarabi
66%
mother of merecat
ma
62.8%
uncle of merecat
uncle max
59%
song
we are one
53.8%
song
circle of life
51.9%
song
can you feel the love tonight
46.9%
song
hakuna matata
44.7%
song
he lives in you
44.4%
song
upendi
43.4%
song
be prepared
42.5%
song
I just can't wait to be king
39.4%
king
mufassa
38.4%
song
dig a tunnel
22%
song
kovu's lullabye
15.6%
Quiz Playlist
Details
Report
Send in Message
Add To Playlist
Classic:
Type in answers that appear in a list
Last Updated: Jul 18, 2017
Quiz Scoreboard
CHALLENGE
Sign Up to Join the Scoreboard
Show All
Scores
Hide
Comments
May contain spoilers
Recently Published
Image Sorting: Flags VI
by Barbecue
Geography
2m
Find the 'City' Movie
by crazypaving
Movies
60s
Colored Red Africa Blitz
by spor1
Geography
45s
More to Explore
Quiz From the Vault
Featured Blog Post
14 Easter Pick-up Lines to Find Eggs With
hide this ad
You Might Also Like...
Tags
Character
King
lion
The Lion King
Today's Top Quizzes in Movies
Browse Movies
hide this ad
Today's Top Quizzes in Character
Browse Character
Top Contributed Quizzes in Movies
1
Find The 'Big' Movie
2
Find The 'Blue' Movie
3
Find The 'Wild' Movie
4
Movies By Plot
5
The ultimate James Bond movie quiz
6
Hidden Star Wars Character II
7
Pick 5 Posters: Directed by Spielberg
8
Hidden Star Wars Character III
9
Hidden Star Wars Character IV
10
25 Best Actor Nominees (1990s)
Explore More
Trending Topics
Crossword
Harry Potter
Anime
Disney
NBA
Marvel
Kpop
WWE
Pokémon
Country
Soccer
NFL
Puzzle
The Office
Song
hide this ad
More By:
wickedme6
Quiz
Plays
Rating
Category
Featured
Created
lion king 2 characters
1,006
2.50
Movies
Jan 9, 2012
my little pony friendship is magic characters
350
1.00
Television
Jan 9, 2012
Disney channel and Disney movies character challenge
350
2.25
Television
Jan 9, 2012
lion king 1, 2, and 1 1/2 quotes
176
Movies
Jan 10, 2012
mario charaters
58
Just For Fun
Jan 9, 2012
Go to Creator's Profile
Score Distribution
Quiz Creator Spotlight
wickedme6
Follow
Send a Message
Quizzes Created
-
Created Quiz Play Count
-
More By This Creator
Popular Quizzes Today
1
Colored Red Africa Blitz
2
Find the US States - No Outlines Minefield
3
Find the 'City' Movie
4
5x2 Blitz: Bands
5
The Countries of the World
6
Find the US States
7
Find the Countries of Europe - No Outlines Minefield
8
US States
More Movies Quizzes
You Know, THAT Girl (Actress Roles)
Published
Trending Quizzes
Colored Red Europe Blitz I
Colored Red Europe Blitz II
Colored Red Africa Blitz II
Colored Red Europe Blitz III
Colored Red Africa Blitz III
Recently Updated
How Do You Spell That?
pecheneg
Godzilla Movies
pecheneg
Grab Bag: 4-10 Letters
pecheneg
2024 March Madness Bracket
pecheneg
Famous TV Couples
Peacemaker
Champions League XIs: Real Madrid
pecheneg
Largest US Cities 1790-2010
pecheneg
Rides in Walt Disney World
pecheneg
Most Oscar Losses (Acting)
pecheneg
Beyoncé Albums
pecheneg
Trending Topics
Anime
Disney
NBA
Harry Potter
Kpop
Marvel
Crossword
Pokémon
NFL
The Office
Soccer
WWE
Country
Puzzle
Song
Your Account Isn't Verified!
In order to create a playlist on Sporcle, you need to verify the email address you used during registration. Go to your
Sporcle Settings
to finish the process.
Report this User
Report this user for behavior that violates our
Community Guidelines
.
Details:
Send Report
Go to the Sporcle.com Mobile Site →
Comments